| Tag |
First Indicator |
Second Indicator |
Subfields |
| LEADER |
00000cam a2200000 a 4500 |
| 001 |
in00000012136 |
| 005 |
20151007051752.0 |
| 008 |
880120s1987 ilua 00010 eng d |
| 010 |
|
|
|a 87071775
|
| 020 |
|
|
|z 091561066
|
| 035 |
|
|
|a (OCoLC)17363458
|
| 035 |
|
|
|9 AAA4687AM
|
| 040 |
|
|
|a NRC
|c NRC
|d TXA
|d UtOrBLW
|
| 043 |
|
|
|a n-us---
|
| 049 |
|
|
|a TXAM
|c [A11043204]
|
| 050 |
|
4 |
|a GV53
|b .K44 1987
|
| 100 |
1 |
|
|a Kelly, John R.
|q (John Robert),
|d 1930-
|
| 245 |
1 |
0 |
|a Recreation trends toward the year 2000 /
|c John R. Kelly.
|
| 264 |
|
1 |
|a Champaign, Ill. :
|b Management Learning Laboratories,
|c [1987]
|
| 264 |
|
4 |
|c ©1987
|
| 300 |
|
|
|a viii, 157 pages :
|b illustrations ;
|c 23 cm.
|
| 336 |
|
|
|a text
|b txt
|2 rdacontent
|
| 337 |
|
|
|a unmediated
|b n
|2 rdamedia
|
| 338 |
|
|
|a volume
|b nc
|2 rdacarrier
|
| 650 |
|
0 |
|a Recreation
|z United States.
|
| 650 |
|
0 |
|a Recreational surveys
|z United States.
|
| 650 |
|
0 |
|a Recreation
|x Forecasting.
|
| 740 |
0 |
|
|a Recreation trends.
|
| 999 |
|
|
|a MARS
|
| 999 |
f |
f |
|s 70aa538e-5ad4-3829-a017-17a0e5dcb33f
|i f5372ab2-f892-3685-b101-a2efd577624c
|t 0
|
| 952 |
f |
f |
|p ric
|a Texas A&M University
|b Rellis Campus
|c Joint Library Facility
|d Remote Storage
|t 0
|e GV53 .K44 1987
|h Library of Congress classification
|i unmediated -- volume
|m A14811043204
|
| 998 |
f |
f |
|a GV53 .K44 1987
|t 0
|l Remote Storage
|